Ловеч и Ловчанско (Запис номер 454152)
[ съкратено ]
| 000 -Лидер | |
|---|---|
| Контролно поле с фиксирана дължина | nam a22 a 4500 |
| 003 - Код на организацията, давaща контролен номер | |
| Контролно поле | BLK |
| 005 - Дата и час на последна редакция | |
| Контролно поле | 20230516142222.0 |
| 008 - Елементи от данни с фиксирана дължина | |
| fixed length control field | 230322b bu |||||r|||| 00| | bu d |
| 020 ## - Международен стандартен номер на книга ISBN | |
| Международен стандартен номер на книга ISBN | 9786197442854 |
| 040 ## - Източник на каталожния запис | |
| Идентификатор на билиотеката - собственик на записа | BLK |
| 041 ## - Код за език | |
| Код за езика на текст/звукозапис или на отделно заглавие | Български |
| Код за езика КДБФ | Български |
| 080 ## - УДК | |
| Текстов определител УДК | Специална библиография |
| УДК код - определител по УДК | 016 |
| УДК определител | :908(497.21-0) |
| УДК - код + определител | 016:908(497.21-0) |
| 080 ## - УДК | |
| Текстов определител УДК | Краезнание |
| УДК код - определител по УДК | 908 |
| УДК определител | (497.21-0)(01) |
| УДК - код + определител | 908(497.21-0)(01) |
| 100 ## - Редна дума - Автор | |
| R(LIN) | 486846 |
| Автор | Павлова, Петя Светлозарова |
| 139 ## - Редно поле | |
| Редна дума | Ловеч и Ловчанско |
| Авторски знак | Лов - Л 75 |
| 245 ## - Сведения за заглавието | |
| Заглавие | Ловеч и Ловчанско |
| Подзаглавни данни | библиографски указател |
| Редно поле (дума) | състав. Петя Павлова, Веселина Мончева ; библиогр. ред. Веселина Мончева |
| 260 ## - Област на издателските данни | |
| 9 (RLIN) | 215317 |
| Място на издаване, разпространение и проч. | Ловеч |
| Име на издателя, разпространителя и проч. | Инфовижън |
| Година на издаване | 2022 |
| Издателство - префикс ISBN | 978-954-92277- ; 978-954-8105- |
| 300 ## - Физическа характеристика | |
| Страници | 150 с. : с ил., портр., к. |
| Размери/Мащаб | 22 см |
| 380 ## - Жанр | |
| Жанр | Общ отдел |
| 500 ## - Общи забележки | |
| Забележка | Изд. на Регион. библ. „Проф. Беню Цонев” - Ловеч. - Проф. Беню Цонев / А. Иширков: с. 3-5. - Биографии на членовете на научния комитет в София, който да се грижи за написването на съчинението "Ловеч и Ловчанско": с. 13-21. - Именен показалец, геогр. показалец, предм. показалец |
| 650 #0 - Допълнително описание по предмет – тема | |
| 9 (RLIN) | 409950 |
| Основно описание – тема или топоним | Краезнание - Ловеч |
| 651 #7 - Допълнително описание по предмет - топоним | |
| 9 (RLIN) | 179146 |
| Географско понятие | Ловешко |
| 653 #7 - Ключова дума – ненормативна | |
| 9 (RLIN) | 181890 |
| Ключова дума | библиографски указатели |
| 700 ## - Други автори (авторска отговорност) | |
| 9 (RLIN) | 486847 |
| Лично име | Мончева, Веселина Василева |
| 700 ## - Други автори (авторска отговорност) | |
| Лично име | Иширков, Анастас Тодоров |
| Дати, свързани с автора | 1868-1937 |
| 9 (RLIN) | 443628 |
| 852 ## - Местоположение | |
| Форматна сигнатура | Цб 316887 |
| Фондова буква | Хранилище |
| 856 ## - Електронен адрес и достъп | |
| Инструкция (цена за достъп) | 0.00 |
| Права за достъп | disable |
| 999 ## - СИСТЕМНИ КОНТРОЛНИ НОМЕРА | |
| Koha biblionumber | 454152 |
| Koha biblioitemnumber | 454152 |
| 942 ## - АРТИКУЛИ | |
| Вид на библиотечния материал | Книги |
| Скрит в OPAC | Не |
| Периодичен библиозапис | Да |
| 944 ## - СЪЗДАВАНЕ И РЕДАКЦИЯ на ЗАПИСА | |
| Създаване/Редакция | Създаване |
| Дата на регистрацията/редакция | 2023-03-22 |
| Служител, извършил регистрацията/редакцията | ГГГ |
| 999 ## - СИСТЕМНИ КОНТРОЛНИ НОМЕРА | |
| Koha biblioitemnumber | 454152 |
| 999 ## - СИСТЕМНИ КОНТРОЛНИ НОМЕРА | |
| Koha biblioitemnumber | 454152 |
| Код за отписване | Код за изгубен артикул | Източник на класификационната схема | Код за повреда | Коз за рестрикции | Код за отдаване | Артикулен № | Име на библиотеката - собственик | Име на библиотеката, в която се намира в момента | Статус (Текущо местоположение) | Дата на вписване в системата | Местоположение - отдел | Цена в лева | Инвентарен номер | Систематично азбучна сигнатура | Баркод | Цена в евро | Служебен тип на артикула |
|---|---|---|---|---|---|---|---|---|---|---|---|---|---|---|---|---|---|
| Не е изгубен | Universal Decimal Classification | Не е повреден | само за читалня | ползва се в читалня | 925047 | Регионална библиотека "Любен Каравелов" Русе | Регионална библиотека "Любен Каравелов" Русе | Хранилище | 2023-03-27 | Хранилище | 16.79 | 120000884233 | Цб 316887 | 120000884233 | 8.58 | Книги | |
| Не е изгубен | Universal Decimal Classification | Не е повреден | само за читалня | ползва се в читалня | 926105 | Регионална библиотека "Любен Каравелов" Русе | Регионална библиотека "Любен Каравелов" Русе | СБИД | 2023-03-30 | СБИД | 15.00 | 120000885327 | С 016:908/Л 75 | 120000885327 | 7.67 | Книги |